000 01411cam a22003254a 4500
005 20260322212006.0
008 data
010 _a 2002003815
020 _a1590181239 (hardback : alk. paper)
020 _a9781590181232 (hardback : alk. paper)
040 _aDLC
_cDLC
_dDLC
042 _alcac
_alcac
050 0 0 _aML3928
_b.K35 2003
082 0 0 _a781.6/8/09
_221
092 _a781.6 K35 2003
100 1 _aKallen, Stuart A.,
_d1955-
245 1 4 _aThe history of classical music /
_cStuart A. Kallen.
260 _aSan Diego :
_bLucent Books,
_cc2003.
300 _a112 p. :
_bill. ;
_c24 cm.
490 1 _aThe music library
504 _aIncludes bibliographical references (p. 96-97) and index.
505 0 _aIntroduction: When all music was classical -- Music of medieval times -- The musical renaissance -- The baroque era -- The classical period -- The romantic era -- The modern era.
650 0 _aMusic
_xHistory and criticism
_vJuvenile literature.
650 1 _aMusic
_xHistory and criticism.
830 0 _aMusic library (San Diego, Calif.)
906 _a7
_bcbc
_corignew
_d1
_eecip
_f20
_gy-gencatlg
925 0 _aacquire
_b1 shelf copy
_xpolicy default
955 _evl26 2002-03-11 to Children's Lit.
_dlb18 2002-03-28
_fvk05 2002-09-25 CIP ver. to BCCD
001 data
999 _c106
_d106